Arcs de Naruto et Naruto Shippuden - Statistiques

Statistiques générales
  • Ce quiz a été pris 89 fois
  • Le résultat moyen est 2 sur 48
Statistiques - réponses
Partie Nom de l'arc % Correct
Naruto L'examen Chunin
86%
Naruto Le pays des vagues
42%
Naruto La recherche de Tsunade
23%
Naruto Shippuden La quatrième Grande Guerre Ninja
20%
Naruto Shippuden Sauvetage du Kazekage
15%
Naruto Introduction
14%
Naruto L'invasion de Konoha
9%
Naruto Shippuden Hidan et Kakuzu
8%
Naruto La fuite de Sasuke
8%
Naruto Shippuden Kakashi Gaiden
5%
Naruto Shippuden La poursuite d'Itachi
4%
Naruto Shippuden Combat contre Madara
1%
Naruto Shippuden La maîtrise de Kyubi
1%
Naruto Le pays du thé
1%
Naruto Le retour de Mizuki
1%
Naruto Shippuden Les chroniques de Shikamaru
1%
Naruto Shippuden Le sommet des cinq Kage
1%
Naruto Shippuden Sanbi
1%
Naruto Shippuden Chikara
0%
Naruto Shippuden Kakashi Anbu
0%
Naruto La recherche du Bikochu
0%
Naruto L'arme ultime
0%
Naruto Shippuden La technique interdite du clan Tsuchigumo
0%
Naruto Le clan Kurama
0%
Naruto Shippuden Le combat contre Kaguya
0%
Naruto Le curry de la vie
0%
Naruto Le maître des pièges
0%
Naruto Le pays de la mer
0%
Naruto Le pays de Na
0%
Naruto Le pays des oiseaux
0%
Naruto Le pays des rizières
0%
Naruto Shippuden Les carnets de Jiraya
0%
Naruto Shippuden Les chemins des amis
0%
Naruto Shippuden Les chroniques de Sasuke
0%
Naruto Shippuden Les douze ninjas gardiens
0%
Naruto Shippuden Les fils du Sage des Six Chemins
0%
Naruto Le Shinobazu
0%
Naruto Shippuden Les rêves des Arcanes lunaires infinis
0%
Naruto Le village caché de l'étoile
0%
Naruto Shippuden L'excursion vers Kumo
0%
Naruto Shippuden L'histoire de Konoha
0%
Naruto Shippuden L'histoire d'Itachi: ombre et lumière
0%
Naruto Shippuden L'Histoire secrète de Konoha- Le Jour parfait pour un Mariage
0%
Naruto Shippuden L'invasion de Pain
0%
Naruto Menma
0%
Naruto Shippuden Naruto et Sasuke, l'ultime combat
0%
Naruto Shippuden Résurrection de Jubi
0%
Naruto Shippuden Sasuke et Sai
0%
Aucun quiz correspondant
Distribution des résultats
% des personnes avec chaque résultat
Percentile par nombre de réponses
Votre historique - résultats
Vous n’avez pas pris ce quiz